Radionuclide studies of the gastrointestinal system.

Saved in:
Bibliographic Details
Main Author: Freeman, Leonard M. (Leonard Murray), 1937- (comp.)
Other Authors: Blaufox, M. Donald (Morton Donald) (joint comp.)
Format: Book
Language:English
Published: New York, Grune & Stratton [1973]
Subjects:
LEADER 01319nam a2200313 4500
001 c000140891
003 CARM
005 00000000000000.0
008 721002r19731972nyua b 00010 eng
019 1 |a 576670  |5 LACONCORD2021 
020 |a 0808907964 
035 |a (OCoLC)447415  |5 LACONCORD2021 
050 0 0 |a RC804.R27  |b F74 
060 |a WI141 F855r 1972 
100 1 |a Freeman, Leonard M.  |q (Leonard Murray),  |d 1937-  |e comp. 
245 1 0 |a Radionuclide studies of the gastrointestinal system.  |c Edited by Leonard M. Freeman [and] M. Donald Blaufox. 
260 |a New York,  |b Grune & Stratton  |c [1973] 
300 |a xiv, 208 p.  |b illus.  |c 26 cm. 
500 |a Articles originally appeared in the April and July, 1972, issues of Seminars in nuclear medicine. 
504 |a Includes bibliographies. 
650 0 |a Gastrointestinal system  |x Diseases  |x Diagnosis. 
650 0 |a Radioisotope scanning. 
650 2 |a Gastrointestinal system  |x Radiography. 
700 1 |a Blaufox, M. Donald  |q (Morton Donald)  |e joint comp. 
730 1 |a Seminars in nuclear medicine. 
852 8 |b CARM  |h A2:AD24G0  |i C00066  |p 0003863  |f BK 
082 0 4 |a 616.3/3/07575 
999 f f |i 14b6bb05-f190-5781-97ef-474bac36e2b9  |s 79f7e762-a75f-50f9-9841-dd6b2fb1d6b5 
952 f f |p Can circulate  |a CAVAL  |b CAVAL  |c CAVAL  |d CARM 1 Store  |e C00066  |f A2:AD24G0  |h Other scheme  |i book  |m 0003863